Beyond Vietnam : The United States and Asia

Saved in:
Bibliographic Details
Main Author: Reischauer, Edwin O.
Format: Book
Language:Undetermined
Published: Tokyo Charles E. Tuttle Co. 1970
Tags: Add Tag
No Tags, Be the first to tag this record!
Institutions: Trung tâm Học liệu Trường Đại học Cần Thơ
LEADER 00480nam a2200181Ia 4500
001 CTU_86835
008 210402s9999 xx 000 0 und d
082 |a 327.5 
082 |b R348 
100 |a Reischauer, Edwin O. 
245 0 |a Beyond Vietnam : 
245 4 |b The United States and Asia 
245 0 |c Edwin O. Reischauer 
260 |a Tokyo 
260 |b Charles E. Tuttle Co. 
260 |c 1970 
904 |i Trúc 
980 |a Trung tâm Học liệu Trường Đại học Cần Thơ